Psychologie na finančních trzích

Akciové kurzy a kurzy finančných inštrumentov sú premenlivou veličinou. Pohyb akciových kurzov na psychologickom princípe vysvetľuje psychologická analýza. Podstata psychologickej analýzy (psychológia davu). Konkrétne investičné stratégie založené na psychologických princípoch - Kostolanyho stratégi...

ver descrição completa

Na minha lista:
Detalhes bibliográficos
Autor principal: Veselá, Jitka
Formato: Capítulo de Livro
Idioma:tcheco
Assuntos:
Tags: Adicionar Tag
Sem tags, seja o primeiro a adicionar uma tag!

MARC

LEADER 00000naa a2200000 4500
001 r021476
005 20230908090249.9
041 0 |a cze 
044 |a CZ 
245 1 0 |a Psychologie na finančních trzích  |c J. Veselá 
520 |a Akciové kurzy a kurzy finančných inštrumentov sú premenlivou veličinou. Pohyb akciových kurzov na psychologickom princípe vysvetľuje psychologická analýza. Podstata psychologickej analýzy (psychológia davu). Konkrétne investičné stratégie založené na psychologických princípoch - Kostolanyho stratégia, Drasnarova stratégia, Keynesova stratégia. Zvláštne javy na burzách - špekulatívne bubliny. 
610 2 0 |a trh finančný 
610 2 0 |a psychológia 
610 2 0 |a kurz burzový 
610 2 0 |a burzy 
610 2 0 |a investovanie 
610 2 0 |a investori 
610 2 0 |a rozhodovanie strategické 
100 1 |a Veselá, Jitka